| 000 | 00703nam a22002417a 4500 | ||
|---|---|---|---|
| 003 | 0 | ||
| 005 | 20180731153449.0 | ||
| 008 | 0 | ||
| 010 | _aB-156714 | ||
| 020 |
_c600.00 _a8175255331 |
||
| 035 | _aB-156714, B-156716, B-156720 | ||
| 037 | _bCen Lib/Ret | ||
| 040 |
_aDPL _bEN _c0 |
||
| 082 |
_a346.015 _bKAU |
||
| 100 |
_aKaul, Santosh _939601 |
||
| 245 |
_aFamily law : _cby Santosh Kaul _bmarriages and divorces in common / |
||
| 260 |
_aNew Delhi _bFriends Color Images _c2004 |
||
| 270 |
_bNew Delhi _a68, Muncipal Market, Connaught Place _e110001 |
||
| 300 |
_a158p. _c22cm(Hb) |
||
| 650 |
_aLaw _9104 |
||
| 650 |
_aLaw -- Family _939602 |
||
| 942 |
_2ddc _cEN _h346.015 _mKAU |
||
| 999 |
_c134037 _d134037 |
||